000 004750000a22001690004500
003 MACL
005 20160101140734.0
008 160101b xxu||||| |||| 00| 0 eng d
040 _aMACL
_cMACL
041 _aEnglish
082 _a403/SMI
100 _aSmith, Sir William
_922999
245 _aA Dictionary of The Bible
_bAntiquities biography Geography and Natural History
260 _bJohn Murray
_c1893
_aLondon
650 _aDictionary
_926397
942 _cBK
_k403/SMI
_2ddc
999 _c38094
_d38094